Normal view
MARC view
- Metcalf, Helen M. A.
Entry Personal Name
001 - CONTROL NUMBER
- control field: 22167
003 - CONTROL NUMBER IDENTIFIER
- control field: NUST
005 - DATE AND TIME OF LATEST TRANSACTION
- control field: 20191001121204.0
008 - FIXED-LENGTH DATA ELEMENTS
- fixed length control field: 191001|| aca||aabn | a|a d
040 ## - CATALOGING SOURCE
- Original cataloging agency: NUST
- Transcribing agency: NUST
100 ## - HEADING--PERSONAL NAME
- Personal name: Metcalf, Helen M. A.
670 ## - SOURCE DATA FOUND
- Source citation: Work cat.: (NUST)0: Stopher, Peter R. 22163, Methods for household travel surveys /, 1996.
